[Event "Turkish Super League 2019"]
[Site "Konya"]
[Date "2019.07.21"]
[Round "5"]
[White "Saric, Ivan"]
[Black "Mchedlishvili, Mikheil"]
[Result "1/2-1/2"]
[WhiteElo "2681"]
[BlackElo "2571"]
[Annotator "TA"]
[PlyCount "81"]
[EventDate "2019.07.17"]
[EventType "team-tourn"]
[EventCountry "TUR"]
[SourceTitle "playchess.com"]
[Source "ChessBase"]
[SourceQuality "1"]

{[%evp 17,81,16,16,16,13,-2,47,40,85,72,68,20,27,13,44,27,47,20,25,-18,0,0,0,-32,0,0,0,-37,0,-40,-29,-24,-20,-63,-36,-108,-109,-84,-70,-72,-58,-67,-62,-52,-51,-64,-74,-79,0,-128,-139,-113,-43,-38,-46,-44,-43,-57,-18,-27,-1,-1,-7,-7,0,0]} 1. e4 e6 2. d4 d5 3. Nc3 Bb4 4. e5 c5 5. a3 Ba5 6. b4 cxd4 7. Nb5 Bc7 8. f4 Bd7 9. Nxc7+ Qxc7 10. Bb2 {C18: French: 3 Nc3 Bb4: Main line: 7 h4 and 7 Qg4} (10. Nf3 Ba4 11. Bd3 Ne7 12. O-O Qb6 13. Kh1 Bb5 14. Nxd4 Bxd3 15. Qxd3 Nbc6 16. Nf3 a6 17. Be3 Qb5 {½-½ (40) Vidit,S (2715)-Vitiugov,N (2730) Linares 2018}) 10... Ba4 11. Bxd4 $146 ({Predecessor:} 11. Nf3 Nc6 12. Bd3 Nge7 13. Qd2 O-O 14. O-O Qb6 15. Qf2 Bb5 16. Bxh7+ Kxh7 17. Qh4+ Kg8 {½-½ (37) Betker,J (2452)-Loeschnauer,R (2480) GER email 2016}) 11... Ne7 12. Bd3 {White is slightly better.} Nd7 13. Ne2 $1 Nc6 14. Bb2 (14. Bg1 {looks sharper.} Ne7 15. Qd2 a6 16. Nc3 Bc6 17. Bd4) 14... Nb6 15. O-O g6 16. Qe1 a6 17. Nc3 Ne7 18. b5 O-O 19. bxa6 bxa6 20. Kh1 Rfb8 21. Rf3 Bc6 22. Bc1 Nc4 23. Nd1 Nf5 24. Rh3 h5 25. a4 Rb7 26. Ne3 ({White should try} 26. Nc3 $15) 26... Ncxe3 $17 27. Bxe3 d4 $36 {[%mdl 2048] Black is more active.} 28. Bxf5 dxe3 29. Bd3 Rab8 30. Rxe3 a5 31. f5 exf5 {Threatens to win with ...f4.} 32. e6 {[#]} Bd5 (32... Bxa4 $1 $17 {[%mdl 512]} 33. e7 (33. Rxa4 Rb1) 33... Be8) 33. e7 (33. exf7+ $1 $11 Bxf7 34. Bb5) 33... Re8 34. Bxf5 Rxe7 ({But not} 34... gxf5 $2 35. Rg3+ Kh7 {[#]} 36. Qd1 $1 $18 {[%mdl 512]}) (34... Qc5 $17 {[%cal Re8e7]} 35. Bd3 Bc6) 35. Rxe7 $15 Qxe7 36. Qxe7 Rxe7 $17 {KRB-KRB} 37. Bd3 Rc7 38. Kg1 Bc4 39. Re1 {The position is equal.} Bxd3 40. cxd3 Rd7 41. Re5 {Accuracy: White = 43%, Black = 49%.} 1/2-1/2

[Event "Turkish Super League 2019"]
[Site "Konya"]
[Date "2019.07.21"]
[Round "5"]
[White "Kuzubov, Yuriy"]
[Black "Ivanchuk, Vassily"]
[Result "1/2-1/2"]
[WhiteElo "2671"]
[BlackElo "2684"]
[Annotator "TA"]
[PlyCount "71"]
[EventDate "2019.07.17"]
[EventType "team-tourn"]
[EventCountry "TUR"]
[SourceTitle "playchess.com"]
[Source "ChessBase"]
[SourceQuality "1"]

{[%evp 9,71,28,41,22,23,0,0,0,0,-30,-23,-18,0,0,0,0,0,-8,0,-43,-15,0,0,0,18,4,19,12,12,11,15,15,15,8,15,8,8,14,19,0,5,0,0,0,0,-55,-55,-56,-55,-66,-68,-62,-45,-55,-55,-64,-26,-62,0,0,0,0,10,13]} 1. d4 Nf6 2. Bf4 d6 3. Nc3 Nbd7 4. Nf3 c6 5. e4 Qa5 6. e5 {A45: Trompowsky Attack} Ne4 7. e6 fxe6 8. Bd3 e5 $146 ({Predecessor:} 8... Nxc3 9. bxc3 Nf6 10. O-O Bd7 {1-0 (42) Ivanisevic,I (2648)-Indjic,A (2419) Belgrade 2014}) 9. dxe5 Nxc3 10. bxc3 Nxe5 11. Bxe5 dxe5 12. O-O g6 13. Re1 Bg7 14. Ng5 e4 ({Reject} 14... Qxc3 {[#]} 15. Nxh7 $1 {[%mdl 512]} Kd8 16. Bxg6+ Kc7 17. Rb1 $11) (14... Bf6 $5 {[%cal Rf6g5]} 15. Nxh7 Kf7 16. Nxf6 exf6 $11) 15. Nxe4 {Hoping for Bc4.} O-O $1 16. h4 Kh8 17. Rb1 Rb8 18. Qe2 Qe5 19. Ng5 Qxe2 20. Rxe2 Bf6 21. g3 b6 22. Ne6 Bxe6 23. Rxe6 c5 24. c4 Bd4 25. Rf1 Rf3 26. Rxe7 Rbf8 27. Re2 (27. Kg2 $11) 27... Rxg3+ $1 $15 28. Kh2 Rg4 29. f4 Bf6 30. h5 gxh5 31. Bf5 Rg7 32. Be6 Bd4 33. Kh3 Rf6 (33... Re8 $15) 34. Bd5 $11 {[#] White wants to mate with Re8+.The position is equal.} Rd7 35. Kh4 Kg7 36. Kxh5 {Accuracy: White = 49%, Black = 56%.} 1/2-1/2

[Event "Turkish Super League 2019"]
[Site "Konya"]
[Date "2019.07.21"]
[Round "5"]
[White "Demchenko, Anton"]
[Black "Iljiushenok, Ilia"]
[Result "1-0"]
[WhiteElo "2665"]
[BlackElo "2520"]
[Annotator "TA"]
[PlyCount "149"]
[EventDate "2019.07.17"]
[EventType "team-tourn"]
[EventCountry "TUR"]
[SourceTitle "playchess.com"]
[Source "ChessBase"]
[SourceQuality "1"]

{[%evp 12,149,11,6,16,14,14,12,18,18,20,16,18,12,13,7,16,7,22,24,21,12,27,11,31,31,31,30,36,36,36,31,37,28,36,38,37,37,37,39,39,33,40,29,37,24,68,18,24,0,47,17,19,14,18,2,22,18,18,18,18,18,18,18,18,18,18,18,18,16,16,16,16,11,14,8,8,8,8,8,13,15,18,0,19,10,10,10,12,12,12,12,12,12,12,6,6,0,0,0,9,0,0,0,0,0,0,0,0,0,0,0,21,21,1176,1064,29983,12730,12687,12730,11215,8997,9031,1510,8662,7902,4711,3305,29961,11450,29975,29976,29976,29972,29974,29974,29974,29970,29982,29983]} 1. e4 c6 2. d4 d5 3. Nd2 dxe4 4. Nxe4 Bf5 5. Ng3 Bg6 6. h4 h6 7. Nh3 e6 {B18: Classical Caro-Kann: 4...Bf5 sidelines} 8. Nf4 Bh7 9. c3 Nf6 {The position is equal.} 10. Ngh5 $146 ({Predecessor:} 10. Bd3 Bxd3 11. Nxd3 Bd6 12. Qf3 Nbd7 13. Bd2 Qc7 14. Nh5 Nxh5 15. Qxh5 {½-½ (22) Kremenietsky,A (2371)-Kharitonov,A (2556) Moscow 2011}) 10... Nbd7 11. Bd3 Bxd3 12. Nxd3 Nxh5 13. Qxh5 Bd6 14. Bd2 Nf6 15. Qf3 Qa5 16. Rh3 Qd5 17. Qxd5 cxd5 18. h5 Ke7 19. a4 b6 20. f3 a6 21. Rh1 Nd7 22. Kf2 Nb8 23. a5 bxa5 24. Rxa5 Nc6 25. Ra4 a5 26. g4 Rab8 27. Re1 Kd7 28. Re2 Rb5 29. Ra1 Rb3 30. Ra4 Rhb8 31. Bc1 R3b5 32. Ke1 f6 33. f4 Re8 34. Kd1 e5 35. dxe5 fxe5 36. fxe5 Nxe5 37. Nxe5+ Bxe5 38. Kc2 Bf6 39. Rxe8 Kxe8 $11 {[%mdl 4096] Endgame KRB-KRB} 40. b3 Kd7 41. Bd2 Kc6 42. Ra2 Rc5 43. Kd3 Rb5 44. b4 axb4 45. cxb4 Rb7 46. Ra6+ Kd7 47. Ke2 Ke7 48. Be3 d4 49. Bd2 Bg5 $1 50. Be1 Rc7 $1 51. b5 Rc2+ 52. Kd3 {[%mdl 64] Double Attack} Rb2 53. b6 Bf6 54. Ba5 Kd7 55. Kc4 Rc2+ 56. Kd3 Rb2 57. Ra8 Kc6 58. Kc4 Rc2+ 59. Kd3 Rb2 60. Kc4 Rc2+ 61. Kb3 d3 {Hoping for ...Rb2+.} 62. Rc8+ Kb5 $2 {[%mdl 8192] [#]} (62... Kb7 $11 63. Rxc2 dxc2 64. Kxc2 Ka6) 63. b7 $1 $18 {[%cal Rb7b8]} Rb2+ 64. Ka3 Ka6 65. b8=Q Rxb8 66. Rxb8 Kxa5 {KR-KB} 67. Rb7 (67. Kb3 $142 Ka6 68. Kc4) 67... d2 68. Rd7 Kb5 69. Kb3 Bg5 70. Kc2 Kc4 71. Rxg7 {White mates.} Be3 72. Rd7 Bg5 73. Kd1 Kc3 74. Rd5 Be3 {[#]} 75. g5 $1 {[%mdl 64] Promotion. Accuracy: White = 60%, Black = 60%.} 1-0

[Event "Turkish Super League 2019"]
[Site "Konya"]
[Date "2019.07.21"]
[Round "5"]
[White "Mamedov, Rauf"]
[Black "Abasov, Nijat"]
[Result "1/2-1/2"]
[WhiteElo "2650"]
[BlackElo "2641"]
[Annotator "ChessBase"]
[PlyCount "94"]
[EventDate "2019.07.17"]
[EventType "team-tourn"]
[EventCountry "TUR"]
[SourceTitle "playchess.com"]
[Source "ChessBase"]
[SourceQuality "1"]
[TimeControl "40/5400+30:1800+30"]

1. e4 c5 2. Nf3 d6 3. Bb5+ Bd7 4. Bxd7+ Nxd7 5. O-O Ngf6 6. Qe2 Rc8 7. b3 g6 8. Bb2 e5 9. Na3 Bg7 {[%emt 0:21:30]} 10. Nb5 {[%emt 0:41:00]} Qb6 {[%emt 0:00:30]} 11. Qd3 {[%emt 0:00:30]} Nxe4 {[%emt 0:08:30]} 12. Rae1 {[%emt 0:07:30]} c4 {[%emt 0:01:30]} 13. bxc4 {[%emt 0:06:30]} Ndc5 {[%emt 0:01:30]} 14. Qa3 {[%emt 0:13:30]} a6 {[%emt 0:01:30]} 15. Nc3 {[%emt 0:00:30]} Nxc3 {[%emt 0:00:30]} 16. Bxc3 {[%emt 0:00:30]} O-O {[%emt 0:00:00]} 17. d3 {[%emt 0:03:30]} Qc6 {[%emt 0:07:00]} 18. Nd2 {[%emt 0:08:03]} Rfe8 {[%emt 0:05:30]} 19. Nb3 {[%emt 0:01:48]} Ne6 {[%emt 0:09:30]} 20. Bd2 {[%emt 0:00:32]} d5 {[%emt 0:05:30]} 21. Be3 {[%emt 0:00:54]} Bf8 {[%emt 0:04:30]} 22. cxd5 {[%emt 0:02:10]} Qxd5 {[%emt 0:03:30]} 23. Qb2 {[%emt 0:01:04]} Bb4 {[%emt 0:01:30]} 24. Rd1 {[%emt 0:04:18]} Bc3 {[%emt 0:00:30]} 25. Qc1 {[%emt 0:04:00]} Nd4 {[%emt 0:05:30]} 26. Kh1 {[%emt 0:02:00]} b5 {[%emt 0:02:30]} 27. Bh6 {[%emt 0:02:42]} a5 {[%emt 0:01:30]} 28. Qb1 {[%emt 0:01:57]} Rc6 {[%emt 0:03:40]} 29. Be3 {[%emt 0:00:28]} f5 {[%emt 0:03:30]} 30. Bd2 {[%emt 0:00:51]} b4 {[%emt 0:06:42]} 31. Rfe1 {[%emt 0:00:08]} Rec8 {[%emt 0:03:07]} 32. Bxc3 {[%emt 0:00:42]} Rxc3 {[%emt 0:00:30]} 33. Nxd4 {[%emt 0:00:30]} Qxd4 {[%emt 0:00:00]} 34. Re2 {[%emt 0:00:00]} Kg7 {[%emt 0:00:48]} 35. Rde1 {[%emt 0:00:14]} R8c5 {[%emt 0:00:15]} 36. h3 {[%emt 0:01:14]} h6 {[%emt 0:01:04]} 37. Qd1 {[%emt 0:00:47]} Kf6 {[%emt 0:01:50]} 38. Qc1 {[%emt 0:00:26]} g5 {[%emt 0:01:40]} 39. Qd1 {[%emt 0:00:02]} Kg6 {[%emt 0:00:24]} 40. Kg1 {[%emt 0:00:00]} h5 {[%emt 0:00:00]} 41. Rd2 {[%emt 0:10:10]} a4 {[%emt 0:06:30]} 42. Re4 {[%emt 0:06:44]} fxe4 {[%emt 0:03:30]} 43. dxe4 {[%emt 0:00:28]} Rxc2 {[%emt 0:03:30]} 44. Rxd4 {[%emt 0:00:05]} Rc1 {[%emt 0:00:30]} 45. Rd6+ {[%emt 0:00:30]} Kf7 {[%emt 0:00:30]} 46. Rd7+ {[%emt 0:00:30]} Ke6 {[%emt 0:00:30]} 47. Rd6+ {[%emt 0:00:30]} Ke7 {[%emt 0:00:00]} 1/2-1/2

[Event "Turkish Super League 2019"]
[Site "Konya"]
[Date "2019.07.21"]
[Round "5"]
[White "Sarana, Alexey"]
[Black "Soysal, Serkan"]
[Result "1/2-1/2"]
[WhiteElo "2640"]
[BlackElo "2431"]
[Annotator "ChessBase"]
[PlyCount "81"]
[EventDate "2019.07.17"]
[EventType "team-tourn"]
[EventCountry "TUR"]
[SourceTitle "playchess.com"]
[Source "ChessBase"]
[SourceQuality "1"]
[TimeControl "40/5400+30:1800+30"]

1. d4 d5 2. c4 c6 3. Nf3 Nf6 4. Nc3 dxc4 5. a4 Bf5 6. Ne5 Nbd7 7. Nxc4 Nb6 8. e3 Nxc4 9. Bxc4 e6 10. f3 Bg6 11. e4 Bb4 12. O-O O-O 13. Be3 a5 14. Ne2 Nd7 15. Nf4 e5 16. dxe5 Nxe5 17. Be2 Qe7 18. Qc2 {[%emt 0:19:00]} f5 {[%emt 0:44:00]} 19. Rad1 {[%emt 0:15:30]} Bf7 {[%emt 0:10:30]} 20. Nd3 {[%emt 0:03:30]} fxe4 {[%emt 0:09:30]} 21. Nxb4 {[%emt 0:02:30]} Qxb4 {[%emt 0:00:30]} 22. Rd4 {[%emt 0:07:30]} Qe7 {[%emt 0:05:30]} 23. fxe4 {[%emt 0:08:30]} Be6 {[%emt 0:07:30]} 24. Rdd1 {[%emt 0:10:30]} Rxf1+ {[%emt 0:04:30]} 25. Rxf1 {[%emt 0:00:30]} Qb4 {[%emt 0:02:08]} 26. Bc5 {[%emt 0:01:30]} Bb3 {[%emt 0:05:44]} 27. Bxb4 {[%emt 0:02:30]} Bxc2 {[%emt 0:00:02]} 28. Bd6 {[%emt 0:00:30]} Bd3 {[%emt 0:04:20]} 29. Bxd3 {[%emt 0:00:30]} Nxd3 {[%emt 0:00:01]} 30. b3 {[%emt 0:03:30]} Re8 {[%emt 0:02:36]} 31. Rf3 {[%emt 0:05:30]} Ne5 {[%emt 0:00:44]} 32. Rf5 {[%emt 0:02:30]} Nf7 {[%emt 0:00:19]} 33. Bg3 {[%emt 0:00:00]} Rxe4 {[%emt 0:05:31]} 34. Rxa5 {[%emt 0:00:00]} g5 {[%emt 0:00:54]} 35. Ra8+ {[%emt 0:00:30]} Kg7 {[%emt 0:00:30]} 36. Rb8 {[%emt 0:00:00]} Re7 {[%emt 0:00:00]} 37. a5 {[%emt 0:01:00]} Kf6 {[%emt 0:00:36]} 38. h4 {[%emt 0:00:30]} h6 {[%emt 0:00:09]} 39. b4 {[%emt 0:00:30]} Kf5 {[%emt 0:00:41]} 40. Bf2 {[%emt 0:00:00]} Ne5 {[%emt 0:00:00]} 41. hxg5 {[%emt 0:03:00]} 1/2-1/2

[Event "Turkish Super League 2019"]
[Site "Konya"]
[Date "2019.07.21"]
[Round "5"]
[White "Kravtsiv, Martyn"]
[Black "Rakhmanov, Aleksandr"]
[Result "1-0"]
[WhiteElo "2628"]
[BlackElo "2615"]
[Annotator "ChessBase"]
[PlyCount "101"]
[EventDate "2019.07.17"]
[EventType "team-tourn"]
[EventCountry "TUR"]
[SourceTitle "playchess.com"]
[Source "ChessBase"]
[SourceQuality "1"]
[TimeControl "40/5400+30:1800+30"]

1. e4 c5 2. Nf3 Nf6 3. Nc3 Nc6 4. d4 d5 5. exd5 Nxd5 6. Bb5 Bg4 7. h3 Bh5 8. dxc5 Nxc3 9. Qxd8+ Rxd8 10. bxc3 {[%emt 0:33:00]} Bxf3 {[%emt 0:31:00]} 11. gxf3 {[%emt 0:00:30]} e6 {[%emt 0:04:30]} 12. Be3 {[%emt 0:12:30]} Be7 {[%emt 0:01:30]} 13. Ke2 {[%emt 0:02:30]} Kd7 {[%emt 0:13:30]} 14. Rab1 {[%emt 0:04:30]} Kc7 {[%emt 0:02:30]} 15. Rb3 {[%emt 0:08:30]} Rd5 {[%emt 0:02:30]} 16. Rhb1 {[%emt 0:07:30]} Rb8 {[%emt 0:01:30]} 17. Bf4+ {[%emt 0:05:30]} e5 {[%emt 0:01:30]} 18. Be3 {[%emt 0:00:00]} f5 {[%emt 0:03:30]} 19. f4 {[%emt 0:03:00]} Bf6 {[%emt 0:12:30]} 20. fxe5 {[%emt 0:03:10]} Bxe5 {[%emt 0:00:30]} 21. f4 {[%emt 0:00:25]} Bf6 {[%emt 0:00:30]} 22. Kf3 {[%emt 0:01:30]} Rd7 {[%emt 0:02:30]} 23. Ra3 {[%emt 0:04:48]} Ra8 {[%emt 0:01:30]} 24. Rab3 {[%emt 0:00:11]} Rb8 {[%emt 0:00:30]} 25. a4 {[%emt 0:03:17]} Re7 {[%emt 0:00:30]} 26. Bxc6 {[%emt 0:01:20]} Kxc6 {[%emt 0:00:30]} 27. a5 {[%emt 0:00:00]} Rbe8 {[%emt 0:05:55]} 28. Bf2 {[%emt 0:00:32]} Re2 {[%emt 0:07:16]} 29. Rxb7 {[%emt 0:01:53]} Rxc2 {[%emt 0:04:32]} 30. Rxa7 {[%emt 0:00:06]} Rxc3+ {[%emt 0:01:32]} 31. Kg2 {[%emt 0:00:01]} Rc2 {[%emt 0:01:54]} 32. Ra6+ {[%emt 0:01:41]} Kd5 {[%emt 0:01:05]} 33. Rb4 {[%emt 0:01:19]} Rd8 {[%emt 0:01:54]} 34. Rxf6 {[%emt 0:03:56]} Rxf2+ {[%emt 0:00:30]} 35. Kxf2 {[%emt 0:00:30]} gxf6 {[%emt 0:00:00]} 36. Rb6 {[%emt 0:01:16]} Kxc5 {[%emt 0:00:23]} 37. Rxf6 {[%emt 0:00:02]} Kd4 {[%emt 0:00:35]} 38. Kg3 {[%emt 0:03:34]} Rd5 {[%emt 0:01:37]} 39. a6 {[%emt 0:00:30]} Ra5 {[%emt 0:00:00]} 40. Kh4 {[%emt 0:00:00]} Ra3 {[%emt 0:00:00]} 41. Kg5 {[%emt 0:03:59]} Rxh3 {[%emt 0:02:17]} 42. Kxf5 {[%emt 0:03:30]} Rh5+ {[%emt 0:06:30]} 43. Kg4 {[%emt 0:00:30]} Rh1 {[%emt 0:01:30]} 44. a7 {[%emt 0:04:30]} Ra1 {[%emt 0:00:30]} 45. Rf7 {[%emt 0:01:30]} h6 {[%emt 0:01:30]} 46. Re7 {[%emt 0:00:30]} Kd5 {[%emt 0:02:39]} 47. f5 {[%emt 0:00:30]} Ra5 {[%emt 0:02:05]} 48. f6 {[%emt 0:00:30]} Kd6 {[%emt 0:00:11]} 49. Kh4 {[%emt 0:00:30]} h5 {[%emt 0:00:04]} 50. Rb7 {[%emt 0:01:30]} Kc6 {[%emt 0:00:42]} 51. Rh7 {[%emt 0:00:00]} 1-0

[Event "Turkish Super League 2019"]
[Site "Konya"]
[Date "2019.07.21"]
[Round "5"]
[White "Safarli, Eltaj"]
[Black "Arat, Ufuk Sezen"]
[Result "0-1"]
[WhiteElo "2608"]
[BlackElo "2376"]
[Annotator "ChessBase"]
[PlyCount "90"]
[EventDate "2019.07.17"]
[EventType "team-tourn"]
[EventCountry "TUR"]
[SourceTitle "playchess.com"]
[Source "ChessBase"]
[SourceQuality "1"]
[TimeControl "40/5400+30:1800+30"]

1. e4 e5 2. Nf3 Nf6 3. d4 Nxe4 4. Bd3 d5 5. dxe5 Nc5 6. Be2 Be7 7. O-O O-O 8. Be3 c6 9. c4 dxc4 10. Qxd8 Rxd8 11. Bxc5 Bxc5 12. Bxc4 Be7 13. Nbd2 Bf5 14. Nb3 {[%emt 0:34:00]} Nd7 {[%emt 0:40:00]} 15. Nfd4 {[%emt 0:06:30]} Bg6 {[%emt 0:00:30]} 16. f4 {[%emt 0:17:30]} Nb6 {[%emt 0:02:30]} 17. Be2 {[%emt 0:02:30]} Be4 {[%emt 0:01:30]} 18. Bf3 {[%emt 0:00:30]} Bxf3 {[%emt 0:01:30]} 19. Nxf3 {[%emt 0:00:00]} Nc4 {[%emt 0:01:30]} 20. Rf2 {[%emt 0:02:00]} a5 {[%emt 0:02:30]} 21. Rc2 {[%emt 0:02:30]} b5 {[%emt 0:03:30]} 22. Nbd2 {[%emt 0:12:30]} Nxd2 {[%emt 0:08:30]} 23. Nxd2 {[%emt 0:03:30]} a4 {[%emt 0:01:30]} 24. Ne4 {[%emt 0:05:10]} Rd4 {[%emt 0:00:30]} 25. Re1 {[%emt 0:00:22]} c5 {[%emt 0:04:30]} 26. f5 {[%emt 0:03:33]} c4 {[%emt 0:03:30]} 27. f6 {[%emt 0:01:44]} Bf8 {[%emt 0:05:30]} 28. fxg7 {[%emt 0:01:57]} Bxg7 {[%emt 0:01:30]} 29. Nf6+ {[%emt 0:00:04]} Bxf6 {[%emt 0:05:30]} 30. exf6 {[%emt 0:00:01]} Rd6 {[%emt 0:01:16]} 31. Re5 {[%emt 0:02:21]} Rb8 {[%emt 0:00:26]} 32. Rf2 {[%emt 0:02:09]} h6 {[%emt 0:03:20]} 33. g4 {[%emt 0:01:16]} b4 {[%emt 0:08:08]} 34. Rc5 {[%emt 0:01:02]} c3 {[%emt 0:01:26]} 35. Rc4 {[%emt 0:04:30]} Rd1+ {[%emt 0:03:26]} 36. Kg2 {[%emt 0:00:01]} Rc1 {[%emt 0:00:10]} 37. b3 {[%emt 0:02:16]} axb3 {[%emt 0:00:40]} 38. axb3 {[%emt 0:00:02]} Rb1 {[%emt 0:00:04]} 39. Rf5 {[%emt 0:00:57]} Rb2+ {[%emt 0:02:12]} 40. Kg3 {[%emt 0:00:47]} Rxb3 {[%emt 0:00:00]} 41. Rfc5 {[%emt 0:01:48]} Ra3 {[%emt 0:08:52]} 42. Kh4 {[%emt 0:01:30]} Raa8 {[%emt 0:04:30]} 43. Kh5 {[%emt 0:13:01]} b3 {[%emt 0:02:30]} 44. Kxh6 {[%emt 0:00:14]} b2 {[%emt 0:00:30]} 45. Rg5+ {[%emt 0:00:32]} Kh8 {[%emt 0:03:41]} 0-1

[Event "Turkish Super League 2019"]
[Site "Konya"]
[Date "2019.07.21"]
[Round "5"]
[White "Rozum, Ivan"]
[Black "Ertan, Can"]
[Result "1-0"]
[WhiteElo "2583"]
[BlackElo "2396"]
[Annotator "ChessBase"]
[PlyCount "71"]
[EventDate "2019.07.17"]
[EventType "team-tourn"]
[EventCountry "TUR"]
[SourceTitle "playchess.com"]
[Source "ChessBase"]
[SourceQuality "1"]
[TimeControl "40/5400+30:1800+30"]

1. c4 Nf6 2. Nc3 e6 3. Nf3 d5 4. e3 b6 5. d4 Bd6 6. cxd5 exd5 7. g3 O-O 8. Bg2 Ba6 9. Ne5 c6 10. f4 Bb4 11. Qb3 c5 12. Bd2 {[%emt 0:25:00]} Bxc3 {[%emt 0:31:00]} 13. Bxc3 {[%emt 0:00:30]} Ne4 {[%emt 0:00:30]} 14. dxc5 {[%emt 0:02:30]} Nxc3 {[%emt 0:17:30]} 15. Qxc3 {[%emt 0:08:30]} Nd7 {[%emt 0:01:30]} 16. c6 {[%emt 0:11:30]} Nxe5 {[%emt 0:00:30]} 17. fxe5 {[%emt 0:00:30]} Rc8 {[%emt 0:06:30]} 18. Rd1 {[%emt 0:00:30]} Qc7 {[%emt 0:03:30]} 19. Bxd5 {[%emt 0:01:30]} Rfe8 {[%emt 0:00:30]} 20. e6 {[%emt 0:05:30]} fxe6 {[%emt 0:00:30]} 21. Be4 {[%emt 0:01:30]} Rf8 {[%emt 0:02:30]} 22. a4 {[%emt 0:09:30]} b5 {[%emt 0:02:30]} 23. a5 {[%emt 0:03:30]} b4 {[%emt 0:00:30]} 24. Qc5 {[%emt 0:01:30]} Rcd8 {[%emt 0:03:30]} 25. Rd2 {[%emt 0:06:30]} Qf7 {[%emt 0:00:30]} 26. Kd1 {[%emt 0:00:00]} b3 {[%emt 0:04:30]} 27. Rxd8 {[%emt 0:02:00]} Rxd8+ {[%emt 0:00:30]} 28. Kc1 {[%emt 0:00:30]} Be2 {[%emt 0:03:30]} 29. Qc3 {[%emt 0:06:30]} e5 {[%emt 0:00:30]} 30. Kb1 {[%emt 0:02:16]} Bc4 {[%emt 0:09:21]} 31. Rc1 {[%emt 0:00:58]} Bd5 {[%emt 0:00:05]} 32. Bxd5 {[%emt 0:04:01]} Qxd5 {[%emt 0:00:17]} 33. Qc4 {[%emt 0:00:59]} Qxc4 {[%emt 0:00:30]} 34. Rxc4 {[%emt 0:00:00]} Kf7 {[%emt 0:00:27]} 35. c7 {[%emt 0:00:22]} Rc8 {[%emt 0:00:30]} 36. Kc1 {[%emt 0:00:00]} 1-0

[Event "Turkish Super League 2019"]
[Site "Konya"]
[Date "2019.07.21"]
[Round "5"]
[White "Romanov, Evgeny"]
[Black "Gadimbayli, Abdulla"]
[Result "0-1"]
[WhiteElo "2582"]
[BlackElo "2414"]
[Annotator "ChessBase"]
[PlyCount "78"]
[EventDate "2019.07.17"]
[EventType "team-tourn"]
[EventCountry "TUR"]
[SourceTitle "playchess.com"]
[Source "ChessBase"]
[SourceQuality "1"]
[TimeControl "40/5400+30:1800+30"]

1. c4 Nf6 2. Nc3 e5 3. Nf3 Nc6 4. g3 Nd4 5. Bg2 Nxf3+ 6. Bxf3 Bc5 7. e3 Bb4 8. Qb3 a5 9. d3 O-O 10. O-O Re8 11. Na4 {[%emt 0:24:30]} e4 {[%emt 0:34:30]} 12. Bg2 {[%emt 0:05:30]} d5 {[%emt 0:17:30]} 13. cxd5 {[%emt 0:02:30]} b5 {[%emt 0:00:30]} 14. Nc3 {[%emt 0:00:30]} exd3 {[%emt 0:02:30]} 15. Rd1 {[%emt 0:13:30]} Rb8 {[%emt 0:30:58]} 16. a3 {[%emt 0:23:30]} Bxc3 {[%emt 0:01:04]} 17. Qxc3 {[%emt 0:00:30]} Bf5 {[%emt 0:00:56]} 18. Qd4 {[%emt 0:01:30]} Rb6 {[%emt 0:08:01]} 19. Bd2 {[%emt 0:04:30]} Rd6 {[%emt 0:00:32]} 20. Bc3 {[%emt 0:01:30]} Bg6 {[%emt 0:01:03]} 21. b4 {[%emt 0:03:15]} a4 {[%emt 0:00:22]} 22. Rac1 {[%emt 0:04:11]} c6 {[%emt 0:00:31]} 23. Bb2 {[%emt 0:00:56]} cxd5 {[%emt 0:00:39]} 24. Rc5 {[%emt 0:00:11]} Qd7 {[%emt 0:00:00]} 25. f3 {[%emt 0:07:32]} h6 {[%emt 0:00:25]} 26. g4 {[%emt 0:03:15]} Rde6 {[%emt 0:00:53]} 27. Re1 {[%emt 0:01:01]} Qe7 {[%emt 0:00:10]} 28. Bc1 {[%emt 0:02:40]} Qd7 {[%emt 0:00:06]} 29. h3 {[%emt 0:01:37]} Qd6 {[%emt 0:01:24]} 30. Kf2 {[%emt 0:01:32]} Ne4+ {[%emt 0:02:04]} 31. fxe4 {[%emt 0:00:30]} Rf6+ {[%emt 0:00:00]} 32. Kg1 {[%emt 0:00:24]} Qg3 {[%emt 0:00:00]} 33. Rf1 {[%emt 0:00:52]} Bxe4 {[%emt 0:00:00]} 34. Qb2 {[%emt 0:00:03]} Ree6 {[%emt 0:00:12]} 35. Rf2 {[%emt 0:00:56]} Bxg2 {[%emt 0:00:17]} 36. Rxg2 {[%emt 0:00:48]} Qe1+ {[%emt 0:00:30]} 37. Kh2 {[%emt 0:00:30]} Rf1 {[%emt 0:00:00]} 38. Rd2 {[%emt 0:00:19]} Rh1+ {[%emt 0:00:05]} 39. Kg2 {[%emt 0:00:00]} Qf1+ {[%emt 0:00:05]} 0-1

[Event "Turkish Super League 2019"]
[Site "Konya"]
[Date "2019.07.21"]
[Round "5"]
[White "Dastan, Muhammed Batuhan"]
[Black "Durarbayli, Vasif"]
[Result "1/2-1/2"]
[WhiteElo "2565"]
[BlackElo "2637"]
[Annotator "ChessBase"]
[PlyCount "78"]
[EventDate "2019.07.17"]
[EventType "team-tourn"]
[EventCountry "TUR"]
[SourceTitle "playchess.com"]
[Source "ChessBase"]
[SourceQuality "1"]
[TimeControl "40/5400+30:1800+30"]

1. e4 e5 2. Nf3 Nc6 3. Bc4 Bc5 4. O-O Nf6 5. d3 O-O 6. h3 h6 7. Re1 d6 8. c3 a5 9. a4 Ba7 10. Nbd2 Be6 11. Bxe6 fxe6 12. Nf1 d5 13. Ng3 Qd6 {[%emt 0:21:30]} 14. Be3 {[%emt 0:34:00]} Bxe3 {[%emt 0:01:30]} 15. Rxe3 {[%emt 0:05:30]} d4 {[%emt 0:00:30]} 16. Re2 {[%emt 0:12:30]} Nd7 {[%emt 0:01:30]} 17. Qb3 {[%emt 0:00:30]} Kh7 {[%emt 0:04:30]} 18. Ne1 {[%emt 0:01:30]} b6 {[%emt 0:12:30]} 19. Qc4 {[%emt 0:02:30]} Ne7 {[%emt 0:02:30]} 20. Nf1 {[%emt 0:05:30]} g5 {[%emt 0:06:30]} 21. Nh2 {[%emt 0:01:30]} c5 {[%emt 0:03:30]} 22. Nef3 {[%emt 0:14:30]} Ng6 {[%emt 0:02:30]} 23. g3 {[%emt 0:00:00]} Rf7 {[%emt 0:01:30]} 24. Kg2 {[%emt 0:01:00]} Raf8 {[%emt 0:04:30]} 25. Rf1 {[%emt 0:02:30]} Kg7 {[%emt 0:02:30]} 26. Rfe1 {[%emt 0:03:52]} Qe7 {[%emt 0:02:30]} 27. Qb3 {[%emt 0:00:30]} Rf6 {[%emt 0:07:30]} 28. Qd1 {[%emt 0:04:57]} Qf7 {[%emt 0:03:30]} 29. Rd2 {[%emt 0:00:24]} Qe7 {[%emt 0:03:30]} 30. Ng1 {[%emt 0:02:11]} R6f7 {[%emt 0:00:00]} 31. Rc2 {[%emt 0:03:21]} Nf6 {[%emt 0:01:00]} 32. Rd2 {[%emt 0:00:22]} Qb7 {[%emt 0:00:30]} 33. Qb3 {[%emt 0:03:45]} Qc6 {[%emt 0:00:30]} 34. Qc4 {[%emt 0:00:38]} Nh5 {[%emt 0:07:07]} 35. Ng4 {[%emt 0:01:16]} Kh7 {[%emt 0:00:37]} 36. Nh2 {[%emt 0:00:39]} Ng7 {[%emt 0:02:19]} 37. Ngf3 {[%emt 0:00:59]} Qd6 {[%emt 0:02:29]} 38. Qb3 {[%emt 0:00:30]} Qd8 {[%emt 0:00:00]} 39. Ng1 {[%emt 0:02:54]} Qd6 {[%emt 0:01:00]} 1/2-1/2